00000000nam##2200000za#4500
0019.661394
003CaOODSP
00520231123085144
007ta
008150407|1999||||xxc|||||     f|0| 0 fre|d
020 |a0-662-64554-5
040 |aCaOODSP|bfre
041 |aeng
041 |afre
043 |an-cn---
0861 |aE2-195/1999
1101 |aCanada. |bAffaires étrangères et commerce international Canada.
24510|aRéponse du Gouvernement au rapport du Comité permanent des affaires étrangères et du commerce international: le Canada et l'avenir de l'Organisation mondiale du commerce
260 |aOttawa - Ontario : |bAffaires étrangères et Commerce international |c1999.
300 |aTexte français, 31p. : |bill. ; |c28 cm.
546 |aBilingue
563 |aReliure à spirale
590 |a00-42|b2000-10-20
69107|aCommerce extérieur|2gcpds
69107|aPolitique commerciale|2gcpds
69107|aNégociations commerciales|2gcpds
7760#|tRéponse du Gouvernement au rapport du Comité permanent des affaires étrangères et du commerce international - le Canada et l'avenir de l'Organisation mondiale du commerce |w(CaOODSP)9.637722
7760#|tGovernment response to the report of the Standing Committee on Foreign Affairs and International Trade - Canada and the future of the World Trade Organization |w(CaOODSP)9.693546
791 |tGovernment response to the report of the Standing Committee on Foreign Affairs and International Trade: Canada and the future of the World Trade Organization |eeng|w(CaOODSP)9.661393